000 00470nam a2200181Ia 4500
005 20250508161812.0
008 008 250505s9999 xx 000 0 hin d
037 _aBooks to be hide in OPAC
040 _aFEDL
_beng
_cFEDL
041 _ahin
_2hin
084 _qFEDL
100 _aVerma Keshav Chandr
_9771589
245 0 _aBachon ki kachhari
260 _aDelhi, India
_bRajkamal Prakashan
_c1956
300 _a53p.
942 _cHB
999 _c1372292
_d1372292